[Event "St Heliers op"]
[Site "St Heliers"]
[Date "1997.??.??"]
[Round "5"]
[White "Ward, Christopher"]
[Black "Hodgson, Julian M"]
[Result "1/2-1/2"]
[WhiteElo "2490"]
[BlackElo "2560"]

1.d4 d5 2.c4 c6 3.Nf3 Nf6 4.Nc3 a6 5.c5 Bf5 6.Qb3 Ra7 7.Bf4 Nbd7 8.h3 h6
9.e3 g5 10.Bh2 Bg7 11.Ne5 O-O 12.O-O-O Ne4 13.Nxd7 Qxd7 14.Nxe4 Bxe4 15.f3 Bg6
16.Bd3 Bxd3 17.Qxd3 a5 18.h4 g4 19.h5 Kh8 20.Bf4 Rg8 21.Rh4 Bf6 22.Rxg4 Rxg4
23.fxg4 Qxg4 24.Bxh6 Qxg2 25.Qf1 Qxf1 26.Rxf1 b6 27.cxb6 Rb7 28.Bf4 Rxb6
29.Bc7 Rb4 30.b3 a4 31.Bd6 exd6 32.Rxf6 axb3 33.axb3 Rxb3 34.Rxf7 Rxe3 35.Rf6 Re4  1/2-1/2

[Event "Svetlogorsk op (Women)"]
[Site "Svetlogorsk"]
[Date "1997.??.??"]
[Round "8"]
[White "Litinskaya, Marta I"]
[Black "Stepovaia Dianchenko, Tatiana"]
[Result "0-1"]
[WhiteElo "2335"]
[BlackElo "2350"]

1.d4 d5 2.c4 c6 3.Nc3 Nf6 4.Nf3 a6 5.Ne5 e6 6.cxd5 exd5 7.Bg5 Be7 8.e3 Nbd7
9.f4 Nxe5 10.dxe5 Ng4 11.Bxe7 Qxe7 12.Qf3 Qc5 13.Nd1 Qb4+ 14.Ke2 Nxe5 15.Qg3 Bg4+
16.Kf2 Qd2+ 17.Kg1 Bxd1 18.fxe5 O-O 19.h3 Bc2 20.Re1 Be4 21.Re2 Qa5 22.a3 Qc7
23.Qf4 Rae8 24.Rd2 Rxe5 25.Bd3 Qe7 26.Kh2 Re8 27.Re1 Bxd3 28.Rxd3 Re4  0-1

[Event "SVK-chT 9697"]
[Site "SVK"]
[Date "1997.??.??"]
[Round "5"]
[White "Husek, Zdenek"]
[Black "Cibulka, Vladimir"]
[Result "0-1"]
[WhiteElo "2240"]
[BlackElo "2305"]

1.d4 d5 2.c4 c6 3.Nf3 Nf6 4.Nc3 a6 5.cxd5 cxd5 6.Bf4 Nc6 7.e3 Bf5 8.Be2 h6
9.O-O e6 10.Rc1 Bd6 11.Na4 Bxf4 12.exf4 O-O 13.Ne5 Nxe5 14.fxe5 Nd7 15.Qd2 Nb8
16.Nc5 Qe7 17.h3 Nc6 18.a4 Rfc8 19.f4 a5 20.Bg4 Bxg4 21.hxg4 b6 22.Nb3 Nb4
23.f5 Qg5 24.Qxg5 hxg5 25.fxe6 fxe6 26.Nd2 Nd3 27.Rxc8+ Rxc8 28.Nf3 Nxb2
29.Nxg5 Nxa4 30.Nxe6 Nc3 31.g5 Re8 32.Rf3 Ne2+ 33.Kf2 Rxe6 34.Kxe2 Rc6 35.Rb3 a4
36.Rb5 a3 37.Rb1 a2 38.Ra1 Rc2+ 39.Kd3 Rxg2 40.Kc3 Kf7 41.Kb3 Kg6 42.Kb4 Kxg5
43.Kb5 Kf5 44.Kxb6 Ke6 45.Kc7 Rb2 46.Kd8 g5 47.Rf1 Rb8+  0-1

[Event "SVK-chT 9697"]
[Site "SVK"]
[Date "1997.??.??"]
[Round "5"]
[White "Rajnak, Daniel"]
[Black "Horvath, Mario"]
[Result "0-1"]
[WhiteElo "2180"]
[BlackElo "2195"]

1.d4 d5 2.Nf3 Nf6 3.c4 c6 4.Nc3 a6 5.a4 g6 6.Qb3 Bg7 7.Bf4 dxc4 8.Qxc4 O-O
9.a5 b6 10.e4 bxa5 11.Qc5 Bg4 12.Be3 Nbd7 13.Qxc6 Qb8 14.Bxa6 Qxb2 15.O-O Rxa6
16.Qxa6 Qxc3 17.Rfc1 Qb4 18.Nd2 Qb6 19.Qc4 Nb8 20.Rab1 Qd8 21.f3 Bd7 22.d5 a4
23.e5 Nh5 24.Bb6 Qc8 25.Qd4 Qa6 26.Bc7 Bh6 27.Re1 Qa8 28.g4 Nf4 29.e6 fxe6
30.dxe6 Bc6 31.Rxb8 Rxb8 32.Bxf4 Rd8 33.Qe3 Bg7 34.Kg2 Qa5 35.Nc4 Qc3 36.Qxc3 Bxc3
37.Rc1 Bf6 38.Nb6 Bb5 39.Rc5 Be2 40.Nd7 a3 41.Nxf6+ exf6 42.e7 Re8 43.Bd6 a2
44.Ra5 Bc4 45.Kf2 Kf7 46.h4 h5 47.gxh5 gxh5 48.Ke3 Rc8 49.Kd4 Bb3 50.Bc5 Ke8
51.Ra7 Bf7 52.f4 f5 53.Bd6 Rc1 54.Ra8+ Kd7 55.Ra7+ Kxd6 56.Rxa2 Rd1+ 57.Ke3 Re1+
58.Kf2 Bxa2  0-1

[Event "SVK-chT 9697"]
[Site "SVK"]
[Date "1997.??.??"]
[Round "6"]
[White "Salai, Ladislav"]
[Black "Maros, Milan"]
[Result "1-0"]
[WhiteElo "2440"]
[BlackElo "2255"]

1.d4 d5 2.c4 c6 3.Nf3 Nf6 4.Nc3 a6 5.cxd5 cxd5 6.e3 Nc6 7.Bd3 e6 8.O-O Be7
9.e4 dxe4 10.Nxe4 O-O 11.Be3 Nb4 12.Bb1 b6 13.Nxf6+ Bxf6 14.Be4 Nd5 15.Qd3 g6
16.Bh6 Re8 17.Ne5 Bb7 18.Qf3 Qe7 19.Rfe1 Rac8 20.Rac1 Red8 21.Rxc8 Rxc8 22.Ng4 Bxd4
23.Bxd5 Qb4 24.Rd1 Bxd5 25.Nf6+ Kh8 26.Nxd5 exd5 27.Qf4 g5 28.Bxg5  1-0

[Event "SVK-chT 9697"]
[Site "SVK"]
[Date "1997.??.??"]
[Round "11"]
[White "Krivoshey, Sergei"]
[Black "Velicka, Petr"]
[Result "1-0"]
[WhiteElo "2425"]
[BlackElo "2430"]

1.Nf3 d5 2.d4 Nf6 3.c4 c6 4.Nc3 a6 5.e3 b5 6.b3 Bg4 7.h3 Bxf3 8.Qxf3 e6 9.Bd3 Nbd7
10.O-O Be7 11.e4 e5 12.exd5 exd4 13.Re1 O-O 14.dxc6 Bb4 15.cxd7 bxc4 16.Bg5 Bxc3
17.Bxf6 Qxd7 18.Bxh7+  1-0

[Event "Tatry op"]
[Site "Tatranska Lomnica"]
[Date "1997.??.??"]
[Round "9"]
[White "Hanko, Pavel"]
[Black "Dovzik, Juri"]
[Result "0-1"]
[WhiteElo "2175"]
[BlackElo "2405"]

1.d4 d5 2.Nf3 Nf6 3.c4 c6 4.Nc3 a6 5.b3 Bf5 6.e3 e6 7.Bd3 Bg6 8.O-O Nbd7
9.Qe2 Be7 10.e4 Bb4  0-1

[Event "ROM-chT"]
[Site "Tusnad"]
[Date "1997.??.??"]
[Round "?"]
[White "Zhukova, Natalia"]
[Black "Marin Ionescu, Luiza"]
[Result "1/2-1/2"]
[WhiteElo "2320"]
[BlackElo "2220"]

1.d4 d5 2.c4 c6 3.Nf3 Nf6 4.Nc3 a6 5.a4 e6 6.g3 c5 7.cxd5 exd5 8.Bg2 Nc6
9.O-O h6 10.Bf4 Be6 11.Rc1 Qb6 12.dxc5 Bxc5 13.Ne5 O-O 14.Nxc6 bxc6 15.Qc2 Rac8
16.a5 Qxa5 17.Ra1 Bxf2+ 18.Kxf2 Qc5+ 19.Ke1 d4 20.Bxh6  1/2-1/2

[Event "Tuusula We Onnela"]
[Site "Tuusula"]
[Date "1997.??.??"]
[Round "4"]
[White "Molander, Riku"]
[Black "Maidla, Vallo"]
[Result "0-1"]
[WhiteElo "2200"]
[BlackElo "2380"]

1.Nf3 d5 2.d4 Nf6 3.c4 c6 4.Nc3 a6 5.Qc2 b5 6.b3 g6 7.e4 dxe4 8.Nxe4 Nxe4
9.Qxe4 Bg7 10.g3 Bf5 11.Qe3 c5 12.Bb2 Nc6 13.Bg2 cxd4 14.Nxd4 Nxd4 15.O-O-O Qa5
16.Bxd4 Qa3+ 17.Kd2 Rd8 18.Bc6+ Kf8 19.Ke2 bxc4 20.Bc5 Bg4+ 21.Kf1 Bh3+ 22.Ke1 Qa5+
23.b4 Rxd1+ 24.Kxd1 Qc7 25.Kc1 h5 26.Bd5 c3 27.Rd1 Bf6 28.Re1 Bf5 29.f4 h4
30.Bb6 Qd6 31.Rd1 Qxb4  0-1

[Event "JUG Cup (Women)"]
[Site "Ulcinj"]
[Date "1997.??.??"]
[Round "?"]
[White "Khurtsidze, Nino"]
[Black "Stepovaia Dianchenko, Tatiana"]
[Result "1/2-1/2"]
[WhiteElo "2430"]
[BlackElo "2350"]

1.d4 d5 2.Nf3 c6 3.c4 Nf6 4.Nc3 a6 5.a4 e6 6.g3 dxc4 7.Bg2 c5 8.O-O Nc6 9.Ne5 Bd7
10.Nxc6 Bxc6 11.Bxc6+ bxc6 12.dxc5 Qxd1 13.Rxd1 Bxc5 14.Bg5 Nd5 15.Rac1 Be7
16.Bxe7 Kxe7 17.Ne4 Rhb8 18.Rd2 Rb4 19.Nc5 c3 20.bxc3 Rc4 21.Nd3 Rxa4 22.Ne5 Kf6
23.Rxd5 exd5 24.Nd7+ Kf5 25.Nb6 Ra2 26.Nxa8 Rxe2 27.Kf1 Rb2 28.Nc7 a5 29.Na6 Ke5
30.Nc5 Kd6 31.Nd3 Rd2 32.Ke1 Ra2 33.Kd1 g5 34.Rb1 d4 35.c4 Ra4 36.Rc1 Ra3
37.Kd2 a4 38.Rb1 Ra2+ 39.Kd1 Ra3 40.c5+ Kd5 41.Kc2 Ra2+ 42.Rb2 Rxb2+ 43.Kxb2 f6
44.Ka3 Kc4 45.Nb2+ Kxc5 46.Kxa4 g4 47.Ka5 h5 48.Ka4 f5 49.Kb3 Kd5 50.Nd3 c5
51.Nf4+ Ke4 52.Nxh5 Kf3 53.Kc4 Kxf2 54.Nf4 Kg1 55.Kxc5 Kxh2 56.Kxd4 Kxg3
57.Ke5  1/2-1/2

[Event "Volgograd"]
[Site "Volgograd"]
[Date "1997.??.??"]
[Round "1"]
[White "Rakhmangulov, Andrei"]
[Black "Panchenko, Alexander N"]
[Result "1/2-1/2"]
[WhiteElo "2420"]
[BlackElo "2425"]

1.d4 d5 2.c4 c6 3.Nc3 Nf6 4.Nf3 a6 5.e3 b5 6.b3 Bg4 7.Be2 e6 8.O-O Nbd7 9.Bb2 Be7
10.h3 Bh5 11.Rc1 O-O 12.cxb5 cxb5  1/2-1/2

[Event "Zagorovsky mem op"]
[Site "Voronezh"]
[Date "1997.??.??"]
[Round "?"]
[White "Ramazan, Elshad"]
[Black "Sotnikov, Igor"]
[Result "0-1"]
[WhiteElo "2370"]
[BlackElo "2445"]

1.d4 d5 2.Nf3 Nf6 3.c4 c6 4.Nc3 a6 5.Ne5 Nbd7 6.Nxd7 Bxd7 7.cxd5 cxd5 8.Qb3 b5
9.Nxd5 Be6 10.Nxf6+ exf6 11.Qd3 Be7 12.g3 O-O 13.Bg2 Bb4+ 14.Kf1 Bc4 15.Qd1 Re8
16.Bf3 Bd5 17.e3 Rc8 18.Kg2 f5 19.a4 g5 20.Bxd5 Qxd5+ 21.Qf3 Re4 22.Kg1 Rxd4
23.Qxd5 Rxd5 24.Kg2 Rc2 25.axb5 axb5 26.b3 h5 27.h4 g4 28.Ra6 Kg7 29.e4 fxe4
30.Bh6+ Kh7 31.Be3 Rd3 32.Bg5 Rf3  0-1

[Event "Zagreb"]
[Site "Zagreb"]
[Date "1997.??.??"]
[Round "10"]
[White "Bukal, Vladimir Jr"]
[Black "Suskovic, Matija"]
[Result "1/2-1/2"]
[WhiteElo "2350"]
[BlackElo "2120"]

1.d4 d5 2.c4 c6 3.Nf3 Nf6 4.Nc3 a6 5.g3 b5 6.cxd5 cxd5 7.Bg2 e6 8.O-O Be7
9.Ne5 Bb7 10.a4 b4 11.Na2 O-O 12.Bf4 Nc6 13.Nc1 Rc8 14.Nxc6 Bxc6 15.Nb3 a5
16.f3 Qb6 17.Qd3 Nh5 18.Be3 f5 19.Bf2 Nf6 20.Rfc1 Bd7 21.Nc5 Bxc5 22.dxc5 Qc7
23.b3 e5 24.Qa6 d4 25.Qc4+ Kh8  1/2-1/2

[Event "CZE-ch"]
[Site "Zlin"]
[Date "1997.??.??"]
[Round "7"]
[White "Haba, Petr"]
[Black "Velicka, Petr"]
[Result "0-1"]
[WhiteElo "2520"]
[BlackElo "2405"]

1.d4 d5 2.c4 c6 3.Nf3 Nf6 4.Nc3 a6 5.cxd5 cxd5 6.Bf4 Nc6 7.Ne5 e6 8.e3 Nxe5
9.Bxe5 Bd6 10.Bd3 O-O 11.O-O Qe7 12.Bxd6 Qxd6 13.Qb3 b6 14.Na4 Nd7 15.Qc2 Nf6
16.Rfc1 Bd7 17.Qb3 Rfb8 18.Rc2 g6 19.Rac1 Kg7 20.a3 Ra7 21.h3 h5 22.Nc3 Rc8
23.Ne2 Rxc2 24.Qxc2 Ne8 25.Nf4 Rc7 26.Qb1 Rxc1+ 27.Qxc1 Nc7 28.Bxg6 fxg6
29.Qc2 e5 30.dxe5 Qc6 31.e6 Be8 32.Qd2 g5 33.Qd4+ Kg8 34.Nd3 Qxe6 35.h4 Nb5
36.Qa4 Qe4 37.Qb3 Qc4 38.Qd1 g4 39.Nf4 Bf7 40.f3 d4 41.fxg4 Qb3 42.Qxb3 Bxb3
43.exd4 hxg4 44.Kf2 Nxd4 45.Kg3 Bd1 46.Nd5 Nf5+ 47.Kf4 Nxh4 48.Ne3 Be2 49.Kg5 Nxg2
50.Nxg2 Bf1 51.Ne3 g3 52.Kf6 Kf8 53.Ke6 Bh3+ 54.Kd6 Kf7 55.Ke5 Bf1 56.Kd6 Kf6
57.Kd5 Bh3 58.Kd6 Bf5 59.Kd5 Bc8 60.Kd6 Bb7 61.Kc7 Bf3 62.Kxb6 Ke5 63.Kxa6 Kf4  0-1

[Event "Weihnachts op-M 21th"]
[Site "Zuerich"]
[Date "1997.??.??"]
[Round "?"]
[White "Pfister, Peter"]
[Black "Haas, Carmi"]
[Result "0-1"]
[WhiteElo "2185"]
[BlackElo "2235"]

1.d4 d5 2.c4 c6 3.Nc3 Nf6 4.Nf3 a6 5.a4 e6 6.e3 dxc4 7.Bxc4 c5 8.O-O cxd4
9.exd4 Be7 10.Qe2 O-O 11.Rd1 Nc6 12.Bg5 Nb4 13.Ne5 Bd7 14.Re1 Rc8 15.Bb3 Be8
16.Rad1 Qc7 17.Qf3 Rd8 18.Qh3 Qb6 19.Nc4 Qa7 20.d5 b5 21.d6 bxc4 22.d7 Qxd7
23.Bxc4 Qxd1 24.Rxd1 h6 25.Bh4 Bc6 26.Qg3 g5 27.Bxg5 hxg5 28.Qxg5+ Kh8 29.Rd4 Rfe8
30.Rh4+ Nh7 31.Qh5 f5 32.Ne2 Rg8 33.Nf4 Be8 34.Qh6 Nd5 35.Bxd5 exd5  0-1

[Event "Rishon Le Ziyyon 9798"]
[Site "Rishon Le Ziyyon"]
[Date "1998.01.01"]
[Round "8"]
[White "Soffer, Ram"]
[Black "Oratovsky, Michael"]
[Result "1-0"]
[WhiteElo "2520"]
[BlackElo "2465"]

1.d4 Nf6 2.Nf3 d5 3.c4 c6 4.Nc3 a6 5.c5 g6 6.Bf4 Nh5 7.Be3 Nd7 8.g4 Nhf6
9.g5 Nh5 10.Bh3 h6 11.gxh6 Ndf6 12.Bxc8 Rxc8 13.Ne5 Ng8 14.Qb3 Qc7 15.Nxd5  1-0

[Event "Zagreb op"]
[Site "Zagreb"]
[Date "1998.01.08"]
[Round "6"]
[White "Bozinovic, Bogdan"]
[Black "Bukal, Vladimir"]
[Result "0-1"]
[WhiteElo "2245"]
[BlackElo "2400"]

1.d4 d5 2.c4 c6 3.Nc3 Nf6 4.Nf3 a6 5.e3 b5 6.b3 Bg4 7.Be2 e6 8.O-O Nbd7 9.h3 Bh5
10.Ne5 Bxe2 11.Nxe2 Nxe5 12.dxe5 Nd7 13.Bb2 dxc4 14.bxc4 b4 15.Ng3 Qc7 16.f4 Be7
17.Ne4 O-O 18.Qg4 Kh8 19.Rad1 Rad8 20.Qh5 Nc5 21.Nd6 g6 22.Qh6 Na4 23.Ba1 Nc3
24.Bxc3 bxc3 25.c5 Rb8 26.Ne4 Rg8 27.Rc1 Qa5 28.Rfd1 Rb2 29.Nf6 Bxf6 30.exf6 g5
31.a4 gxf4 32.Qxf4 Rbxg2+ 33.Kh1 Qxc5 34.Rg1 e5 35.Qf3 Rxg1+ 36.Rxg1 Rxg1+
37.Kxg1 c2  0-1

[Event "Zagreb op"]
[Site "Zagreb"]
[Date "1998.01.10"]
[Round "8"]
[White "Sitnik, Igor"]
[Black "Bukal, Vladimir"]
[Result "1-0"]
[WhiteElo "2255"]
[BlackElo "2400"]

1.d4 d5 2.c4 c6 3.Nf3 Nf6 4.Nc3 a6 5.Ne5 Nbd7 6.Bf4 e6 7.e3 Nxe5 8.Bxe5 Bd6
9.Bxd6 Qxd6 10.c5 Qe7 11.f4 O-O 12.Bd3 b6 13.Na4 Nd7 14.Rc1 b5 15.Nc3 f6
16.O-O e5 17.Qb3 Kh8 18.Rfe1 e4 19.Bf1 a5 20.Bxb5 Rb8 21.Qa3 cxb5 22.Qxa5 Qe6
23.Nxb5 Bb7 24.Nd6 f5 25.Rc2 Ra8 26.Qd2 Bc6 27.b4 Rfb8 28.Rb2 Bb5 29.Rc1 Ra3
30.Rc3 Rxc3 31.Qxc3 Nb6 32.Rf2 Qd7 33.Nxb5 Na4 34.c6 Qc8 35.Qc2 Rxb5 36.Qxa4  1-0

[Event "CRO-ch (Women)"]
[Site "Pula"]
[Date "1998.01.18"]
[Round "8"]
[White "Trtanj, Tina"]
[Black "Macek, Vlasta"]
[Result "1-0"]
[WhiteElo "2105"]
[BlackElo "2255"]

1.d4 d5 2.c4 c6 3.Nc3 Nf6 4.Nf3 a6 5.Ne5 e6 6.cxd5 exd5 7.Bg5 Be7 8.e3 Nbd7
9.Nxd7 Bxd7 10.Bd3 O-O 11.Qc2 g6 12.O-O Nh5 13.Bxe7 Qxe7 14.Na4 Rae8 15.Nc5 Bc8
16.b4 Ng7 17.a4 Bf5 18.b5 Bxd3 19.Qxd3 axb5 20.axb5 Ne6 21.Rfc1 Ra8 22.bxc6 Nxc5
23.dxc5 Rxa1 24.Rxa1 bxc6 25.Qc2 Rb8 26.Qc3 f6 27.h3 Kf7 28.Ra6 Rc8 29.Qa5 Rc7
30.Qb6 Qd7 31.Qb8 Ke6 32.Ra8 Kf5 33.g4+ Ke6 34.Qf8  1-0

[Event "Hoogovens Blitz"]
[Site "Wijk aan Zee"]
[Date "1998.01.19"]
[Round "10"]
[White "Piket, Jeroen"]
[Black "Gelfand, Boris"]
[Result "1-0"]
[WhiteElo "2575"]
[BlackElo "2675"]

1.Nf3 Nf6 2.c4 c6 3.Nc3 d5 4.d4 a6 5.Bg5 Ne4 6.Bf4 Nxc3 7.bxc3 dxc4 8.Ne5 b5
9.g3 f6 10.Nf3 e6 11.Bg2 Be7 12.O-O O-O 13.a4 Bb7 14.Qb1 Qc8 15.e4 Nd7 16.h4 Re8
17.h5 Bf8 18.e5 c5 19.axb5 axb5 20.Qxb5 cxd4 21.Nxd4 Bxg2 22.Kxg2 Rxa1 23.Rxa1 fxe5
24.Bxe5 Bc5 25.Nc6 Nxe5 26.Nxe5 Rf8 27.Ra2 Be7 28.Nc6 Bf6 29.Qxc4 Qd7 30.Ra7 Qd5+
31.Qxd5 exd5 32.Ne7+ Bxe7 33.Rxe7 Rc8 34.Re3 Rc4 35.Rd3 Kf7 36.Kf3 h6 37.Ke2 Rc5
38.Ke3 Ke6 39.Kd2 Ra5 40.Re3+ Kf6 41.Kd3 Ra2 42.f3 Ra4 43.g4 Rf4 44.Ke2 d4
45.Rd3 dxc3 46.Rxc3 Ra4 47.Rc7 Ra2+ 48.Ke3 Ra3+ 49.Kf4 Ra4+ 50.Kg3 Ra6 51.f4 Ra3+
52.Kf2 Ra2+ 53.Ke3 Ra3+ 54.Kd4 Rg3 55.Rc6+ Kf7 56.Rg6 Ra3 57.f5 Ra4+ 58.Ke5 Ra5+
59.Kf4 Ra4+ 60.Kg3 Ra3+ 61.Kh4 Ra1 62.f6 gxf6 63.Rxh6 Ra8 64.Rh7+ Kg8 65.Rd7 Ra1
66.Kg3 Rg1+ 67.Kf4 Rf1+ 68.Ke4 Rf2 69.Rd3 Kg7 70.Rf3 Re2+ 71.Kf5 Re5+ 72.Kf4 Ra5
73.Re3 Ra4+ 74.Re4 Ra7 75.Re6 Ra4+ 76.Kg3 Ra3+ 77.Kh4 Ra7 78.Rd6 Ra4 79.Rd7+ Kg8
80.h6 Ra5 81.Rg7+ Kh8 82.Rg6 Ra6 83.Rg7 Ra5 84.Rf7 Ra6 85.Kh5 Ra5+ 86.Kh4 Ra6
87.h7 Ra1 88.Kh5 Ra5+ 89.Kh6 Ra8 90.Rxf6 Rb8 91.g5 Re8 92.g6  1-0

[Event "Budapest FS02 GM"]
[Site "Budapest"]
[Date "1998.02.18"]
[Round "12"]
[White "Atalik, Suat"]
[Black "Vegh, Endre"]
[Result "1-0"]
[WhiteElo "2595"]
[BlackElo "2350"]

1.d4 d5 2.c4 c6 3.Nf3 Nf6 4.Nc3 a6 5.a4 e6 6.Bg5 Nbd7 7.cxd5 exd5 8.e3 Be7
9.Bd3 O-O 10.Qc2 Re8 11.O-O Nf8 12.Ne5 Ng4 13.Bxe7 Qxe7 14.Nxg4 Bxg4 15.Rae1 Bh5
16.f4 Rad8 17.f5 f6 18.Rf4 c5 19.Qd2 Bf7 20.Bc2 Nd7 21.a5 cxd4 22.Rxd4 Ne5
23.Bb3 Nc4 24.Bxc4 dxc4 25.Rd1 Rc8 26.Ne4 Rc7 27.Re1 Qe5 28.Qb4 Bd5 29.Nc3 Bf7
30.Qb6 Rce7 31.Ne4 Qc7 32.Nd6 Rb8 33.e4 c3 34.Qxc7 Rxc7 35.bxc3 Rxc3 36.Rb1 Rc2
37.Rxb7  1-0

[Event "Budapest FS02 GM"]
[Site "Budapest"]
[Date "1998.02.18"]
[Round "12"]
[White "Varga, Zoltan"]
[Black "Keitlinghaus, Ludger"]
[Result "1/2-1/2"]
[WhiteElo "2520"]
[BlackElo "2500"]

1.d4 d5 2.Nf3 c6 3.c4 Nf6 4.Nc3 a6 5.a4 e6 6.g3 dxc4 7.Bg2 c5 8.O-O Nc6 9.dxc5 Qxd1
10.Nxd1 Bxc5 11.Be3 Be7 12.Nd2 Na5 13.Rc1 Nd5 14.Nxc4 Nxc4 15.Rxc4 Bd7 16.Bd4 b5
17.Rc1 O-O 18.Ne3 bxa4 19.Nxd5 exd5 20.Bxd5 Rad8 21.Rfd1 a3 22.bxa3 Bxa3
23.Ra1 Ba4 24.Rd3 Rxd5 25.Rdxa3 Bb5  1/2-1/2

[Event "EE Internet sim"]
[Site "Cannes"]
[Date "1998.02.28"]
[Round "?"]
[White "Karpov, Anatoly"]
[Black "Jirka, Jiri"]
[Result "1/2-1/2"]
[WhiteElo "2735"]
[BlackElo "2315"]

1.Nf3 d5 2.d4 Nf6 3.c4 c6 4.Nc3 a6 5.cxd5 cxd5 6.Bf4 Nc6 7.e3 Bf5 8.Rc1 e6
9.Qb3 Na5 10.Qa4+ Nc6 11.Ne5 Qb6 12.Bb5 Rc8 13.Bxc6+ bxc6 14.O-O Ng4 15.Nxg4 Bxg4
16.e4 dxe4 17.Nxe4 Qb5 18.Qxb5 axb5 19.Rfe1 Kd7 20.f3 Bf5 21.Nc5+ Bxc5 22.dxc5 Rhd8
23.a3 Ke8 24.Bd6 Ra8 25.g4 Bd3 26.b3  1/2-1/2

[Event "Cappelle op"]
[Site "Cappelle la Grande"]
[Date "1998.02.28"]
[Round "9"]
[White "Izeta Txabarri, Felix"]
[Black "Burmakin, Vladimir"]
[Result "1/2-1/2"]
[WhiteElo "2475"]
[BlackElo "2550"]

1.d4 d5 2.c4 c6 3.Nf3 Nf6 4.Nc3 a6 5.c5 Nbd7 6.Bf4 g6 7.h3 Bg7 8.e3 O-O 9.Be2 Re8
10.O-O Nf8 11.b4 N6d7 12.Qd2 e5 13.Nxe5 Nxe5 14.Bxe5 Bxe5 15.dxe5 a5 16.a3 Qe7
17.f4 Rd8 18.Rad1 axb4 19.axb4 Qh4 20.Bf3 Be6 21.Ra1 Nd7 22.Rxa8 Rxa8 23.e4 dxe4
24.Nxe4 Ra2 25.Qd4 h6 26.Rf2 Rxf2 27.Nxf2 g5 28.Bg4 Nf8 29.f5 h5 30.fxe6 Nxe6
31.Qd3 hxg4 32.Nxg4 Kg7 33.Kh2 Qh7 34.Qf3 Nf4 35.Nf6 Qf5 36.Nh5+ Kf8 37.Nxf4 gxf4
38.Qe2 Ke7 39.Qe1 Kf8 40.Qc3 Qe4 41.Kg1 Ke7 42.Kf2 Ke6 43.Qd2 Kxe5 44.Qe2 f5
45.Qd2 Kf6 46.Kg1 Kg6 47.Kh2 Kh5 48.Qd1+ Kh6 49.Qd6+ Kh7 50.Qd7+ Kh6 51.Qd6+ Kh7
52.Qd7+ Kh6  1/2-1/2

[Event "Clarin GP f"]
[Site "Villa Gisell"]
[Date "1998.03.11"]
[Round "5"]
[White "Slipak, Sergio"]
[Black "Garcia Palermo, Carlos"]
[Result "1/2-1/2"]
[WhiteElo "2510"]
[BlackElo "2475"]

1.d4 d5 2.c4 c6 3.Nf3 Nf6 4.Nc3 a6 5.a4 e6 6.Bg5 Nbd7 7.cxd5 exd5 8.e3 Be7
9.Bd3 O-O 10.Qc2 Re8 11.O-O a5 12.Rae1 Nf8 13.Ne5 Ng4 14.Bxe7 Rxe7 15.f4 f6
16.Nxg4 Bxg4 17.f5 Bh5 18.Qf2 Qb6 19.h3 Bf7 20.g4 h6 21.h4 Nh7 22.Kh1 Rae8
23.Rg1 Qc7 24.Rg3 b6 25.Reg1 Qd6 26.Ne2 c5 27.Bb5 Rc8 28.Nc3 Rd8 29.Rd1 c4
30.Rdg1 g5 31.fxg6 Bxg6 32.Qf4 Kg7 33.Qxd6 Rxd6 34.Kg2 Nf8 35.Kf2 Ne6 36.Rc1 Nc7
37.Ke1 Rde6 38.Kd2 Be4 39.Rf1 Bd3 40.Rf4 Bg6 41.Rf1 Rd6 42.Rfg1 Ne6 43.Ba6 Rd8
44.Rf3 Nc7 45.Bb5 Rd6 46.Rfg3 Ne6 47.Ba6 Rd8 48.Bb5  1/2-1/2

[Event "Belgrade (Women)"]
[Site "Belgrade"]
[Date "1998.03.12"]
[Round "9"]
[White "Peng, Zhaoqin"]
[Black "Zhukova, Natalia"]
[Result "0-1"]
[WhiteElo "2420"]
[BlackElo "2395"]

1.d4 d5 2.c4 c6 3.Nf3 Nf6 4.Nc3 a6 5.a4 e6 6.e3 c5 7.cxd5 exd5 8.Be2 cxd4
9.Nxd4 Bd6 10.O-O O-O 11.Bf3 Nc6 12.Re1 Re8 13.Nce2 Ne5 14.h3 Ne4 15.Nf4 Qh4
16.Re2 Bc5 17.Rc2 Bxd4 18.exd4 Nxf3+ 19.Qxf3 Bf5 20.Re2 Rad8 21.Ra3 Qf6 22.Be3 Ng5
23.Qh5 h6 24.Nd3 Re4 25.Ne5 Bg6 26.Ng4 Bxh5 27.Nxf6+ gxf6 28.Rc2 Re7 29.f4 Bg6
30.Rc1 Ne6 31.g4 Be4 32.Kf2 f5 33.Rac3 Kh7 34.a5 Rdd7  0-1

[Event "Golden Cleopatra"]
[Site "Cairo"]
[Date "1998.03.12"]
[Round "2"]
[White "Ghitescu, Theodor"]
[Black "Mohamed, Esam Ahmed Nagib"]
[Result "1-0"]
[WhiteElo "2355"]
[BlackElo "2485"]

1.d4 Nf6 2.c4 c6 3.Nc3 d5 4.Nf3 a6 5.c5 Bf5 6.Bf4 h6 7.Qb3 Ra7 8.h3 e6 9.e3 Nbd7
10.Be2 Be7 11.O-O O-O 12.Rac1 Ne4 13.Nxe4 Bxe4 14.Qc3 a5 15.b3 f6 16.Nd2 Bf5
17.e4 Bg6 18.exd5 exd5 19.Qg3 Kh7 20.Bd3 f5 21.Nf3 Bf6 22.Rfe1 Re8 23.Rxe8 Qxe8
24.Re1 Qf7 25.Bd6 Ra8 26.Qf4 Re8 27.Rxe8 Qxe8 28.Bxf5 Bxf5 29.Qxf5+ g6 30.Qf4 a4
31.Ne5 axb3 32.axb3 Bg7 33.h4 Nf6 34.g4 Qe6 35.Kg2 Ne8 36.Bf8 g5 37.hxg5 hxg5
38.Qh2+ Kg8 39.Bxg7 Nxg7 40.f4 gxf4 41.Qxf4 Qe7 42.Nf3 Qe2+ 43.Kg3 Qe7 44.b4 Ne6
45.Qe5 Qd7 46.Nh4 Qc7 47.Qxc7 Nxc7 48.Kf4 Na6 49.Ke5 Nxb4 50.Nf5 Kf7 51.Nd6+ Ke7
52.g5 Nd3+ 53.Kf5 b5 54.cxb6 Nb4 55.b7 Na6 56.g6  1-0

[Event "Amber-rapid 7th"]
[Site "Monte Carlo"]
[Date "1998.03.16"]
[Round "4"]
[White "Ljubojevic, Ljubomir"]
[Black "Shirov, Alexei"]
[Result "1/2-1/2"]
[WhiteElo "2565"]
[BlackElo "2710"]

1.d4 d5 2.c4 c6 3.Nc3 Nf6 4.Nf3 a6 5.cxd5 cxd5 6.Bg5 Ne4 7.Qb3 Nxg5 8.Nxg5 e6
9.Nf3 Nc6 10.e3 b5 11.Bd3 Bb7 12.O-O Be7 13.a3 Na5 14.Qc2 g6 15.e4 O-O 16.exd5 exd5
17.Rfe1 Rc8 18.Ne5 Nc6 19.Nxc6 Rxc6 20.Qb3 Rc7 21.Rad1 Qd7 22.Be2 Rfc8 23.h3 Rd8
24.Bf3 Rc4 25.Bxd5 Bxd5 26.Nxd5 Qxd5 27.Rxe7 Rc1 28.Qd3 Qc4 29.Qxc4  1/2-1/2

[Event "Jagodina"]
[Site "Jagodina"]
[Date "1998.03.26"]
[Round "4"]
[White "Nestorovic, Dejan"]
[Black "Popchev, Milko"]
[Result "1/2-1/2"]
[WhiteElo "2375"]
[BlackElo "2455"]

1.d4 Nf6 2.c4 c6 3.Nc3 d5 4.Nf3 a6 5.c5 Nbd7 6.Bf4 Nh5 7.Bg5 h6 8.Bh4 g5
9.Bg3 Nxg3 10.hxg3 Bg7 11.Qd2 e5 12.Nxe5 Nxe5 13.dxe5 Bxe5 14.O-O-O Be6 15.Na4 Bg7
16.Nb6 Rb8 17.e4 dxe4 18.Bc4 Bxc4 19.Nxc4 O-O 20.Qxd8 Rfxd8 21.Rxd8+ Rxd8
22.Nd6 b6 23.g4 bxc5 24.Nxe4 Rd4 25.f3 Rc4+ 26.Kd2 Rb4 27.Rb1 Kf8 28.Nxc5 Ke7
29.b3 Kd6  1/2-1/2

[Event "Hampstead IM"]
[Site "Hampstead"]
[Date "1998.03.28"]
[Round "5"]
[White "Cobb, James"]
[Black "Vigus, James"]
[Result "1/2-1/2"]
[WhiteElo "2330"]
[BlackElo "2260"]

1.d4 d5 2.c4 c6 3.Nf3 Nf6 4.Nc3 a6 5.a4 e6 6.Bg5 a5 7.e3 Nbd7 8.Bd3 h6 9.Bh4 Be7
10.O-O O-O 11.Qc2 b6 12.cxd5 Nxd5 13.Nxd5 cxd5 14.Bxe7 Qxe7 15.Qc7 Qd8 16.Rac1 Ba6
17.Bxa6 Rxa6 18.Qb7 Ra8 19.Rc7 Rb8 20.Qc6 Rc8 21.Rc1 Rxc7 22.Qxc7 Qxc7 23.Rxc7 Rd8
24.Kf1 f6 25.Ne1 Kf8 26.Nd3 Ke7 27.Rc6 g5 28.Ke2 Rb8 29.b3 Nf8 30.Rc7+ Nd7
31.Rc6  1/2-1/2

[Event "CZE-chT 9798"]
[Site "CZE"]
[Date "1998.04.05"]
[Round "11"]
[White "Ftacnik, Lubomir"]
[Black "Velicka, Petr"]
[Result "1/2-1/2"]
[WhiteElo "2580"]
[BlackElo "2430"]

1.Nf3 d5 2.d4 Nf6 3.c4 c6 4.Nc3 a6 5.a4 e6 6.g3 dxc4 7.Bg2 c5 8.dxc5 Qxd1+
9.Nxd1 Nc6 10.Ne3 c3 11.bxc3 Bxc5 12.O-O Bd7 13.Nc4 Nd5 14.Ba3 Bxa3 15.Rxa3 Ke7
16.Nfe5 b5 17.axb5 Nxe5 18.Nxe5 axb5 19.Rb3 Rac8 20.Nxd7 Kxd7 21.Rd1 Kc6
22.e4 Nc7 23.e5+ Nd5 24.Bf1 Rb8 25.Rdb1 Rb6 26.Bxb5+ Kc5 27.Bd3 Rhb8 28.Rxb6 Nxb6
29.Rb5+ Kc6 30.c4 h6 31.Be4+ Kc7 32.Ra5 Nc8 33.Kg2 Rb3 34.h4 Rc3 35.c5 g5
36.hxg5 hxg5 37.Rb5 Ne7 38.Kh3 Rc4 39.f3 Nc6 40.Kg4 Nxe5+ 41.Kxg5 f5 42.Ba8 Ra4
43.f4 Nd7 44.Rb7+ Kc8 45.c6 Nc5 46.Rg7 Ne4+ 47.Kh6 Ra3 48.Rg6 Kc7 49.Bb7 Rxg3
50.Rxe6 Rg4 51.Re7+ Kb6 52.Ba8 Rxf4 53.c7 Nd6 54.Rd7 Nc8 55.Bd5 Rd4 56.Kg5 Kc5
57.Rd8 Rxd5 58.Rxc8 Rd7  1/2-1/2

[Event "Neckar op 2nd"]
[Site "Deizisau"]
[Date "1998.04.06"]
[Round "2"]
[White "Farago, Ivan"]
[Black "Gabriel, Josef"]
[Result "1-0"]
[WhiteElo "2475"]
[BlackElo "2170"]

1.d4 d5 2.c4 c6 3.Nc3 Nf6 4.Nf3 a6 5.e3 dxc4 6.Bxc4 b5 7.Bb3 e6 8.Qe2 Bb7
9.O-O c5 10.Rd1 Qb6 11.e4 cxd4 12.Nxd4 Bc5 13.Be3 O-O 14.a4 Nc6 15.Nxc6 Bxc6
16.a5 Qa7 17.Bg5 Nd7 18.e5 Qb7 19.Bc2 Rfe8 20.Ne4 Bf8 21.Nd6 Bxd6 22.Rxd6 Nf8
23.Qg4 Bf3  1-0

[Event "Czerniak mem 14th"]
[Site "Tel Aviv"]
[Date "1998.04.18"]
[Round "9"]
[White "Gofshtein, Leonid D"]
[Black "Skripchenko, Almira"]
[Result "1-0"]
[WhiteElo "2520"]
[BlackElo "2400"]

1.d4 d5 2.Nf3 c6 3.c4 Nf6 4.Nc3 a6 5.a4 e6 6.Bg5 Nbd7 7.cxd5 exd5 8.Qc2 Be7
9.e3 O-O 10.Bd3 Re8 11.O-O h6 12.Bf4 a5 13.h3 Nf8 14.Bg3 Bd6 15.Ne5 Qe7 16.f4 Bd7
17.Bh4 Bb4 18.Rad1 Qd6 19.Qf2 Bxc3 20.bxc3 Ne4 21.Bxe4 dxe4 22.Nc4 Qe6 23.Nb6 Ra6
24.Rb1 f5 25.Qb2 Rb8 26.c4 Be8 27.d5 cxd5 28.cxd5 Rxb6 29.Qxb6 Qxd5 30.Rfd1 Qf7
31.Qa7 Qc7 32.Rbc1  1-0

[Event "ARG-ch"]
[Site "Buenos Aires"]
[Date "1998.04.20"]
[Round "5"]
[White "Sorokin, Maxim"]
[Black "Soppe, Guillermo"]
[Result "1/2-1/2"]
[WhiteElo "2555"]
[BlackElo "2455"]

1.d4 d5 2.c4 c6 3.Nf3 Nf6 4.Nc3 a6 5.g3 dxc4 6.a4 g6 7.Bg2 Bg7 8.a5 O-O 9.Qa4 Be6
10.Qb4 Qc8 11.Qxe7 Re8 12.Qd6 Nd5 13.Qa3 c5 14.dxc5 Nxc3 15.bxc3 Bh3 16.O-O  1/2-1/2